[Event "Zwettl op"]
[Site "Zwettl"]
[Date "2012.07.27"]
[Round "7"]
[White "Haslinger, Ewald"]
[Black "Schuh, Manuel"]
[Result "0-1"]
[WhiteElo "1716"]
[BlackElo "1871"]
[PlyCount "46"]
[EventDate "2012.07.21"]
[EventType "swiss"]
[EventRounds "9"]
[EventCountry "AUT"]
[SourceTitle "CBM 149 Extra"]
[Source "ChessBase"]
[SourceDate "2012.08.24"]
[SourceVersion "1"]
[SourceVersionDate "2012.08.24"]
[SourceQuality "1"]

1. e4 c5 2. d4 cxd4 3. c3 dxc3 4. Nxc3 a6 5. Bc4 e6 6. Nf3 b5 7. Bb3 Bb7 8. 0-0 b4 9. Na4 Bxe4 10. Re1 Nf6 11. Bg5 Bg6 12. Bd5 Nc6 13. Ne5 Rc8 14. Rc1 Nxe5 15. Rxe5 Rxc1 16. Qxc1 Bd6 17. Re1 0-0 18. Bc4 Be7 19. b3 a5 20. Be3 d5 21. Rd1 Qb8 22. Be2 Rc8 23. Qb2 Rc2 0-1

[Event "Zwettl op"]
[Site "Zwettl"]
[Date "2012.07.23"]
[Round "3"]
[White "Schuh, Manuel"]
[Black "Hapala, Christoph"]
[Result "1-0"]
[WhiteElo "1871"]
[BlackElo "1576"]
[PlyCount "120"]
[EventDate "2012.07.21"]
[EventType "swiss"]
[EventRounds "9"]
[EventCountry "AUT"]
[SourceTitle "CBM 149 Extra"]
[Source "ChessBase"]
[SourceDate "2012.08.24"]
[SourceVersion "1"]
[SourceVersionDate "2012.08.24"]
[SourceQuality "1"]

1. d4 d5 2. c4 e6 3. Nf3 Nf6 4. Nc3 c6 5. Bg5 Nbd7 6. e3 Bd6 7. cxd5 exd5 8. Bd3 h6 9. Bh4 Qc7 10. Rc1 a6 11. 0-0 0-0 12. a3 Re8 13. Qc2 b6 14. b4 Bb7 15. Bg3 Bxg3 16. hxg3 Re7 17. Nh4 Rae8 18. Qe2 Qc8 19. Nf5 Re6 20. g4 Qa8 21. Qf3 c5 22. Qh3 cxb4 23. axb4 Ne4 24. Nxe4 dxe4 25. Bc4 Rg6 26. Rfd1 Nf6 27. Nd6 Rf8 28. Be2 Nd5 29. Nf5 Re8 30. b5 Ne7 31. bxa6 Bxa6 32. Ra1 b5 33. Bxb5 Nxf5 34. gxf5 Rb6 35. Bxe8 Qxe8 36. Rab1 Rf6 37. Qg3 Kh7 38. Rb8 Qd7 39. Qe5 Bd3 40. g4 Qa4 41. Rc1 Rc6 42. Rxc6 Qxc6 43. Qe8 Qxe8 44. Rxe8 g6 45. d5 gxf5 46. d6 Bb5 47. Re7 Kg6 48. d7 Bxd7 49. Rxd7 fxg4 50. Re7 f5 51. Kg2 h5 52. Kg3 Kg5 53. Rh7 Kg6 54. Rh8 Kg5 55. Rg8+ Kh6 56. Kh4 Kh7 57. Rg5 f4 58. Rxh5+ Kg6 59. Kxg4 fxe3 60. fxe3 Kf6 1-0

[Event "AUT-ch U18"]
[Site "Untersiebenbrunn"]
[Date "2012.04.03"]
[Round "4"]
[White "Schuh, Manuel"]
[Black "Kliegl, Severin"]
[Result "1-0"]
[WhiteElo "1727"]
[BlackElo "1865"]
[PlyCount "35"]
[EventDate "2012.04.01"]
[EventType "swiss"]
[EventRounds "7"]
[EventCountry "AUT"]
[SourceTitle "CBM 147 Extra"]
[Source "ChessBase"]
[SourceDate "2012.04.24"]
[SourceVersion "1"]
[SourceVersionDate "2012.04.24"]
[SourceQuality "1"]

1. d4 Nf6 2. c4 c5 3. d5 e6 4. Nc3 exd5 5. cxd5 d6 6. e4 g6 7. h3 Bg7 8. Nf3 0-0 9. Bd3 b5 10. Nxb5 Nxe4 11. Bxe4 Re8 12. Ng5 h6 13. Ne6 Qa5+ 14. Nc3 Bxc3+ 15. bxc3 Bxe6 16. dxe6 Rxe6 17. 0-0 Rxe4 18. Qd5 1-0

[Event "AUT-ch U10"]
[Site "Vienna"]
[Date "2005.05.27"]
[Round "2.3"]
[White "Dalnodar, Bernhard"]
[Black "Schuh, Manuel"]
[Result "1-0"]
[WhiteElo "1494"]
[BlackElo "1200"]
[PlyCount "121"]
[EventDate "2005.05.27"]
[EventType "swiss"]
[EventRounds "7"]
[EventCountry "AUT"]
[SourceTitle "EXT 2024"]
[Source "ChessBase"]
[SourceDate "2023.10.10"]
[SourceVersion "1"]
[SourceVersionDate "2023.10.10"]
[SourceQuality "1"]

1. d4 Nf6 2. g3 g6 3. Bg2 Bg7 4. Nc3 d6 5. Nf3 0-0 6. Bf4 Nbd7 7. 0-0 Nh5 8. Bd2 e5 9. Qc1 exd4 10. Nb5 c5 11. Nxd6 Qc7 12. Ne4 Re8 13. Neg5 Rxe2 14. Re1 Rxe1+ 15. Qxe1 Ne5 16. Nxe5 Bxe5 17. Qe2 Bg7 18. Qe8+ Bf8 19. Nxh7 Qe7 20. Qxe7 Bxe7 21. Ng5 c4 22. Re1 Kf8 23. Bd5 c3 24. bxc3 dxc3 25. Be3 Bxg5 26. Bxg5 Rb8 27. Bh6+ Ng7 28. Bxg7+ Kxg7 29. Re7 Bh3 30. Rxf7+ Kh6 31. Bg2 Bf5 32. Rxb7 Rxb7 33. Bxb7 Bxc2 34. Kf1 Bd1 35. Ke1 c2 36. Kd2 c1Q+ 37. Kxc1 Bg4 38. f3 Bf5 39. g4 Be6 40. a4 a5 41. Kb2 Bd7 42. Kb3 Kg5 43. Ba6 Kf6 44. Bb5 Bc8 45. Kc4 Kg5 46. Kc5 Bb7 47. Bc6 Bc8 48. Kb5 Kf6 49. Kxa5 Ke5 50. Kb6 Kf4 51. a5 g5 52. Bb7 Bxb7 53. Kxb7 Kxf3 54. a6 Kxg4 55. a7 Kh3 56. a8Q Kg4 57. Qc8+ Kf4 58. Qe6 g4 59. Kc6 g3 60. hxg3+ Kxg3 61. Qf5 1-0

[Event "AUT-ch U10"]
[Site "Vienna"]
[Date "2005.05.27"]
[Round "3.4"]
[White "Kessler, Luca"]
[Black "Schuh, Manuel"]
[Result "1-0"]
[WhiteElo "1562"]
[BlackElo "1200"]
[PlyCount "87"]
[EventDate "2005.05.27"]
[EventType "swiss"]
[EventRounds "7"]
[EventCountry "AUT"]
[SourceTitle "EXT 2024"]
[Source "ChessBase"]
[SourceDate "2023.10.10"]
[SourceVersion "1"]
[SourceVersionDate "2023.10.10"]
[SourceQuality "1"]

1. e4 c5 2. Nf3 Nc6 3. d4 cxd4 4. Nxd4 g6 5. Nc3 Bg7 6. Be3 d6 7. Qd2 Nf6 8. f3 e5 9. Nb3 0-0 10. 0-0-0 a5 11. Qxd6 Qxd6 12. Rxd6 Rd8 13. Rxd8+ Nxd8 14. Bb5 Bd7 15. Bxd7 Nxd7 16. Nd5 Ne6 17. Rd1 Nf6 18. Nxf6+ Bxf6 19. Rd7 b5 20. Nc5 Nxc5 21. Bxc5 Bg5+ 22. Kb1 Rc8 23. Bd6 Bf4 24. g3 Bg5 25. Bxe5 Re8 26. f4 Be7 27. a3 f6 28. Bc3 b4 29. axb4 axb4 30. Bd4 f5 31. exf5 gxf5 32. c3 h6 33. c4 Kf8 34. c5 Rc8 35. Rd5 Kf7 36. Rxf5+ Kg6 37. Re5 Bf6 38. Re6 Rf8 39. Rxf6+ Rxf6 40. Bxf6 Kxf6 41. c6 Ke6 42. Kc2 Kd6 43. Kb3 Kxc6 44. Kxb4 1-0